New Cambridge advances English (student's book)

Uloženo v:
Podrobná bibliografie
Hlavní autor: Leo Jones
Médium: Kniha
Jazyk:Undetermined
Vydáno: Cambridge, UK Cambridge Univ. Press 1998
Témata:
Tagy: Přidat tag
Žádné tagy, Buďte první, kdo otaguje tento záznam!
Thư viện lưu trữ: Trung tâm Học liệu Trường Đại học Cần Thơ
LEADER 00556nam a2200205Ia 4500
001 CTU_57620
008 210402s9999 xx 000 0 und d
020 |b 239000 
082 |a 428.24 
082 |b J78 
100 |a Leo Jones 
245 0 |a New Cambridge advances English (student's book) 
245 0 |c Leo Jones 
260 |a Cambridge, UK 
260 |b Cambridge Univ. Press 
260 |c 1998 
650 |a english language 
650 |x textbooks for foreign speakers 
904 |i Minh 
980 |a Trung tâm Học liệu Trường Đại học Cần Thơ